000 00785nam a22002417a 4500
001 77730
003 UA-OsUOA
005 20230201144207.0
007 ta
008 20110920b un ||||| |||| 00| 0 ukr d
040 _aUA-OsUOA
_brus
_cUA-OsUOA
_dUA-OsUOA
041 _arus
080 _a94(38)
090 _a94(38)
_bИ90
245 _aИсторики античности
_bв двух томах
_cсост., вст. ст., прим М. Н. Томашевской ; пер. с древнегреч.
260 _aМ.
_bПравда
_c1989
300 _a624 с.
505 _gТ. 1
_tДревняя Греция
650 7 _a9 Географія. Біографії. Історія
_2UDC
700 1 _aТомашевская М. Н.
_eсост.
942 _cBK
_2udc
955 _a2
999 _c364022
_d364022